| 000 | 01266cam a2200229 4500 | ||
|---|---|---|---|
| 001 | WB4002-14 | ||
| 008 | 040115n2004 000 0 eng u | ||
| 035 | _a(Sirsi) u124848 | ||
| 245 | _aStudy of England's rural communities | ||
| 260 | _c2004 | ||
| 490 |
_aDEFRA News Release _v 14 January 2004 (2) |
||
| 520 | _aReport is published, 'Social and economic change and diversity in rural England' by the Rural Research Centre established by Defra. This was published alongside a review of the Rural White Paper, 'Our countryside: The future, a fair deal for rural England', which was published in November 2000. The new report presents the findings of an analysis of the 2001 census and other information regarding social and economic characteristics of rural areas of England. The review of the Rural White Paper reveals that it was going in the right direction for rural policy and supports its objectives for sustainable rural development. For the news release: http://www.defra.gov.uk/news/latest/2004/ruralwhit e-0104.htm | ||
| 590 | _aWB | ||
| 590 | _aWB | ||
| 650 | _aRURAL COMMUNITY | ||
| 650 | _aRURAL WHITE PAPER | ||
| 650 | _aBIRKBECK COLLEGE | ||
| 650 | _aSOCIAL EXCLUSION | ||
| 650 | _aCENSUS 2001 | ||
| 690 |
_aRURAL _96268 |
||
| 942 | _n0 | ||
| 999 |
_c116940 _d116940 |
||